Vplyv Mg na fotooxidáciu drevitého papiera

6/ na inhibiciu v tomto rozsahu je potrebné asi 6-8 mmol Mg/100g papiera 7/ na inhibiciu 1 molu karbonylov počas ožiarenia je potrebné asi 5 molov Mg 8/ na dosiahnutie optimálneho inhibičného účinkuje možné presne určiť koncentráciu MMMK. potrebnú na deacidifikáciu novinových dřevitých papierov...

Full description

Bibliographic Details
Main Author: Bukovský, Vladimír, 1946- (Author)
Format: Article
Language:Slovak
English
ISBN:ISBN 80-227-1566-2
Online Access:http://www.viks.sk/chk/bptvzp_211_216.doc

MARC

LEADER 00000nab a2200000 a 4500
001 vtls008638932
003 SK-MaSNL
005 20260303072249.0
008 140522 2001 xo 000 0 slo
035 |a (KIS3G)CLAS02vtls000025648 
040 |a SNKORKD  |b slo  |c SNKORKD  |e AACR2 
041 |a eng 
044 |a xo  |c SK 
100 1 |a Bukovský, Vladimír,  |d 1946-  |4 aut  |9 216675 
245 1 0 |a Vplyv Mg na fotooxidáciu drevitého papiera 
520 3 |a CONCLUSION. 1/ deacidifkácia prináša do papiera pomerne dobre kontrolovateľné množstvo Mg 2/ deacidifikácia neovplyvňuje stanovenie množstva Mg v papieri 3/ už krátkodobé ožiarenie dřevitého papiera výrazne aktivuje fotooxidáciu 4/ alkalické prostredie v papieri po deacidifikácii umožňuje väzbu Mg na molekulu lignínu 5/ nárast množstva Mg v papieri inhibuje fotooxidáciu až do rozsahu cca 50 
520 |a  6/ na inhibiciu v tomto rozsahu je potrebné asi 6-8 mmol Mg/100g papiera 7/ na inhibiciu 1 molu karbonylov počas ožiarenia je potrebné asi 5 molov Mg 8/ na dosiahnutie optimálneho inhibičného účinkuje možné presne určiť koncentráciu MMMK. potrebnú na deacidifikáciu novinových dřevitých papierov 
773 |t Buničina a papier - technológie, vlastnosti, životné prostredie  |d Bratislava: Fakulta chemickej a potravinárskej technológie Slovenskej technickej univerzity, 2001  |g p. 211-216  |z ISBN 80-227-1566-2 
856 4 |u http://www.viks.sk/chk/bptvzp_211_216.doc 
910 |a schk 
910 |a memoriask 
999 |c 1762943  |d 1764873